000 01447cam a2200325 a 4500
001 000007313
005 20200929154129.0
008 960201s1994 ck 000 0 spa d
020 _a9586120856 (colección)
020 _a9586121704 (v. 1)
020 _a9586121712 (v. 2)
020 _a9586121917 (t. 3)
040 _aDO-SdBNP
_bspa
_cLC
_bBNPHU
082 _a910.9861
_bB777m
100 1 _aBoussingault, Jean Baptiste Joseph Dieudonné,
_d1802-1887.
_920326
245 1 0 _aMemorias /
_cJean Baptiste Boussingault ; prólogo de Germán Carrera Damas.
260 _aBogotá :
_bPresidencia de la República;
_bComisión Preparatoria para el V Centenario del Descubrimiento de América;
_bInstituto Colombiano de Cultura;
_bBiblioteca Nacional de Colombia,
_c1994.
300 _av. ;
_c24 cm.
490 1 _aBiblioteca V Centenario Colcultura. Viajeros por Colombia
505 0 _gV. 1.
_tMemorias 1802-1823. --
_gV. 2.
_tMemorias 1823-1832.
_gV. 3.
_tMemorias - Correspondencia.
500 _aLa biblioteca sólo posee los volúmenes 1, 2 y 3.
600 1 0 _aBOUSSINGAULT, JEAN BAPTISTE JOSEPH DIEUDONNÉ,
_d1802-1887
_xMEMORIAS
_920327
651 4 _aColombia
_xDescripciones Y Viajes
_916997
651 4 _aColombia
_xHistoria
_918037
700 1 _aCarrera Damas, Germán,
_epról.
_920328
830 0 _aBiblioteca V Centenario Colcultura :
_pViajeros por Colombia
_920309
910 _aCatalogación por copia / LC
910 _aWM
049 _aBNGR
999 _c7094
_d7094